| 000 | 00747nam a2200229 u 4500 | ||
|---|---|---|---|
| 005 | 20240418063827.0 | ||
| 008 | 150803s2008 es r 000 0 spa d | ||
| 020 | _a9788471979063 | ||
| 035 | _aUPN01000204745 | ||
| 049 | _aCG | ||
| 050 | 4 |
_aQA135.6 _bM3.2 |
|
| 100 | 1 |
_aMartínez Montero, Jaime _934571 |
|
| 245 | 1 | 0 |
_aCompetencias básicas en matemáticas : _buna nueva práctica / _cJaime Martínez Montero. |
| 260 |
_aMadrid : _bWolters Kluwer, _c2008. |
||
| 300 |
_a162 p. : _btablas |
||
| 440 | 0 | _aEducación infantil y primaria | |
| 650 | 4 |
_aMatemáticas _xEstudio y enseñanza (Elemental) _92809 |
|
| 650 | 4 |
_aEducación basada en competencias _913564 |
|
| 650 | 2 |
_aMétodos de enseñanza _95706 |
|
| 905 | _aLibro | ||
| 999 |
_c176846 _d176846 |
||